000 00904nam a22003137a 4500
001 BR7100387
003 BR-BrBNA
005 20230928083649.0
007 ta
008 230509b bl.||||| |||| 00| 0 por d
040 _aBR-BrBNA
_bpor
_cBiblioteca Nacional de Agricultura
041 _a(Por)
072 _aH10
_b2110
_b4020
_b/G514
090 _ 2110 BR7100387
110 1 _aComissao Executiva do Plano da Lavoura Cacaueira, Ilheus, BA (Brasil)
_92106
245 1 _aCombate as pragas [Cacau; Theobroma cacao; Formiga; Lagarta; Trips; Vaquinha; Controle quimico]
260 3 _aIlheus, BA (Brasil):
_c[nd].
300 _a25 p.
500 _aPublished after 1970
650 _aPraga de planta
650 _aCacau
650 _aFormiga
650 _aLagarta
650 _aTrips
650 _aVaquinha
650 _aControle quimico
909 _a202309
_bLucia
_c55
_dLucia Elande
942 _cBK
999 _c14691
_d14691